Биологический код: пер. с англ.

Бібліографічні деталі
Автор: Ичас М.
Мова:Російська
Опубліковано: Москва, Мир, 1971
Предмети:
Формат: MixedMaterials Книга
KOHA link:https://koha.lib.tpu.ru/cgi-bin/koha/opac-detail.pl?biblionumber=228523

MARC

LEADER 00000nam0a2200000 4500
001 228523
005 20231101230901.0
035 |a (RuTPU)RU\TPU\book\248998 
090 |a 228523 
100 |a 20121219d1971 k y0rusy50 ca 
101 1 |a rus  |c eng 
102 |a RU 
105 |a y z 001zy 
200 1 |a Биологический код  |e пер. с англ.  |f М. Ичас 
210 |a Москва  |c Мир  |d 1971 
215 |a 351 с. 
320 |a Библиогр.: с. 299-339. 
320 |a Предметный указатель: с. 340-349. 
606 1 |a Генетический код  |2 stltpush  |3 (RuTPU)RU\TPU\subj\5880  |9 33867 
610 1 |a биология 
610 1 |a биологический код 
610 1 |a коды 
610 1 |a развитие 
610 1 |a РНК 
610 1 |a ДНК 
610 1 |a информация 
610 1 |a считывание 
610 1 |a эволюция 
610 1 |a история 
675 |a 575.1  |v 3 
700 1 |a Ичас  |b М. 
801 1 |a RU  |b 63413507  |c 20121219 
801 2 |a RU  |b 63413507  |c 20160126  |g RCR 
942 |c BK